| 000 | 01843nam a2200337 i 4500 | ||
|---|---|---|---|
| 003 | EG-GICUC | ||
| 005 | 20260121141942.0 | ||
| 008 | 260121s1977 ua ad||f |||| 00| 0 ara d | ||
| 040 |
_a EG-GICUC _bara _c EG-GICUC _d EG-GICUC _erda |
||
| 041 | _aara | ||
| 082 | 0 | 4 |
_221 _a345.2 _bس ا . ت |
| 092 | 0 | 4 | _221 |
| 099 | _aLaw1 07 345.2 س ا . ت 1977 | ||
| 100 | 0 |
_aساطع رسلان _eمترجم. |
|
| 245 | 1 | 0 |
_aالتنظيم غير الرسمي واستنتاج ومعالجة القواعد السلوكية السلبية / _cترجمة وتقديم أ . ساطع رسلان . |
| 264 | 1 |
_aالقاهرة : _bالمنظمة العربية للعلوم الإدارية ، _c1977 . |
|
| 300 |
_a31 ؛ صفحة _c24 سم _bإيضاحيات، جداول، رسومات بيانية ؛ |
||
| 336 |
_2rda content _atext |
||
| 337 |
_2rda media _aComputer |
||
| 338 |
_2rda carrier _aOnline Resource |
||
| 490 |
_aسلسلة الفكر الإداري المعاصر _v11 |
||
| 504 | _aيشتمل على ببليوجرافيا | ||
| 505 | _aعرض وتقديم لبحث تم نشره في المجلة الربع سنوية المتخصصة بالسلوك للمديرين واسمها : Organizational Dynamics (OD) وتصدرها الجمعيات الامريكية لادارة A. M. A. Spring 1931 والبحث بعنوان : Confronting The Shadow Organization : How to detect and defeat Negative Norms . مجابهة تنظيم الظل : استنتاج ومعالجة القواعد السلوكية | ||
| 650 | 1 | 4 |
_aالتنظيم الإداري _2qrmak |
| 650 | 1 | 4 |
_aالقانون الإداري _2qrmak |
| 651 | 1 | _2qrmak | |
| 830 |
_aسلسلة الفكر الإداري المعاصر _v11 |
||
| 856 | 4 | 0 | _uhttps://fll.law.cu.edu.eg/fulltext/bks/B07-00202.pdf |
| 905 | _a61 | ||
| 942 |
_2ddc _cBK _e21 _n0 |
||
| 999 |
_c58454 _d58454 |
||